[Event "Timbo U2200 op 2nd"]
[Site "Timbo"]
[Date "2022.08.13"]
[Round "2"]
[White "Wiltner, Camille Christina A"]
[Black "Staats, Gustavo Da Silva"]
[Result "0-1"]
[WhiteElo "1404"]
[BlackElo "1530"]
[PlyCount "53"]
[EventDate "2022.08.12"]
[EventType "swiss"]
[EventRounds "6"]
[EventCountry "BRA"]
[SourceTitle "EXT 2024"]
[Source "ChessBase"]
[SourceDate "2023.10.10"]
[SourceVersion "1"]
[SourceVersionDate "2023.10.10"]
[SourceQuality "1"]

1. e4 c6 2. d4 d5 3. Bd3 dxe4 4. Bxe4 Nf6 5. Bf3 Bf5 6. Ne2 e6 7. 0-0 Bd6 8. Nd2 g5 9. g3 g4 10. Bg2 Nbd7 11. Nc4 Be7 12. Nf4 Nb6 13. Ne3 Bg6 14. Nxg6 hxg6 15. Nxg4 Nxg4 16. Qxg4 Qd7 17. c3 0-0-0 18. Bf4 Nd5 19. Be3 Rdg8 20. Qe2 f5 21. Rae1 g5 22. f4 gxf4 23. Bxf4 Nxf4 24. Rxf4 Bd6 25. Rf2 Rg6 26. Qe3 Rh7 27. Kf1 0-1

[Event "Santa Catarina State-ch (Women) 35th"]
[Site "Rio Negrinho"]
[Date "2021.10.23"]
[Round "5"]
[White "Wiltner, Camille Christina A"]
[Black "Campagnolo, Bruna"]
[Result "1-0"]
[WhiteElo "1423"]
[BlackElo "1357"]
[PlyCount "113"]
[EventDate "2021.10.21"]
[EventType "swiss"]
[EventRounds "7"]
[EventCountry "BRA"]
[SourceTitle "EXT 2023"]
[Source "ChessBase"]
[SourceDate "2022.10.05"]
[SourceVersion "1"]
[SourceVersionDate "2022.10.05"]
[SourceQuality "1"]

1. e4 c5 2. Nf3 a6 3. d4 cxd4 4. Nxd4 Nf6 5. Nc3 e5 6. Nf3 Bb4 7. Bg5 Qc7 8. Bd2 d6 9. Nd5 Nxd5 10. exd5 Bc5 11. Bc3 0-0 12. Be2 Qe7 13. 0-0 f5 14. Kh1 Rf6 15. Ng1 Rh6 16. Nh3 Qh4 17. f4 Nd7 18. fxe5 Nxe5 19. Bd2 f4 20. Rxf4 Qe7 21. Rf1 Rf6 22. Bg5 Rxf1+ 23. Qxf1 Qf7 24. Qxf7+ Nxf7 25. Bf4 Bf5 26. c3 Re8 27. Bf3 Bxh3 28. gxh3 g5 29. Bg3 Re3 30. Bg4 Ne5 31. Be6+ Kg7 32. Bf2 Re2 33. Bxc5 dxc5 34. Bg4 Rd2 35. Rd1 Rxd1+ 36. Bxd1 Kf6 37. Bg4 Ke7 38. Bc8 b6 39. Bxa6 Kd6 40. c4 Nd3 41. b3 Nc1 42. Bb5 Nxa2 43. Kg2 Nc3 44. Ba4 Ke5 45. Kf3 h5 46. Be8 h4 47. Kg4 Ne4 48. Bg6 Nf2+ 49. Kxg5 Nxh3+ 50. Kxh4 Nf4 51. Kg5 Nh3+ 52. Kg4 Nf4 53. Bh7 Ng2 54. h4 Nxh4 55. Kxh4 b5 56. Kg5 b4 57. Bg6 1-0

[Event "Santa Catarina State-ch (Women) 35th"]
[Site "Rio Negrinho"]
[Date "2021.10.21"]
[Round "1"]
[White "Wiltner, Camille Christina A"]
[Black "Darcanal, Emanuele1111"]
[Result "1-0"]
[WhiteElo "1423"]
[BlackElo "1008"]
[PlyCount "143"]
[EventDate "2021.10.21"]
[EventType "swiss"]
[EventRounds "7"]
[EventCountry "BRA"]
[SourceTitle "EXT 2023"]
[Source "ChessBase"]
[SourceDate "2022.10.05"]
[SourceVersion "1"]
[SourceVersionDate "2022.10.05"]
[SourceQuality "1"]

1. e4 c5 2. Nf3 a6 3. d4 cxd4 4. Nxd4 Nf6 5. Nc3 e5 6. Nf3 d6 7. Bg5 Be7 8. Qd2 b5 9. Bxf6 Bxf6 10. Nd5 Bb7 11. 0-0-0 Nd7 12. Qb4 Nc5 13. Be2 0-0 14. h4 Rc8 15. g4 g6 16. Bd3 Bg7 17. Ne1 Bc6 18. f3 a5 19. Qd2 b4 20. h5 Bf6 21. Qh2 Bg5+ 22. Kb1 Bxd5 23. exd5 Nxd3 24. Rxd3 Bf4 25. Qh3 Qg5 26. Ng2 f5 27. hxg6 Qxg6 28. Nxf4 exf4 29. gxf5 Qxf5 30. Qxf5 Rxf5 31. Rh4 Rg5 32. Rg4 Rxg4 33. fxg4 Re8 34. Kc1 Re1+ 35. Rd1 Rxd1+ 36. Kxd1 Kg7 37. Ke2 Kg6 38. c4 Kg5 39. Kf3 h5 40. gxh5 Kxh5 41. Kxf4 Kg6 42. Kg4 Kf6 43. Kf4 Ke7 44. b3 Kd7 45. Kf5 Kc7 46. Ke6 Kb6 47. Kxd6 a4 48. Ke7 Kc5 49. d6 axb3 50. axb3 Kd4 51. d7 Kc3 52. d8Q Kxb3 53. Qd3+ Ka4 54. Kd6 b3 55. Kc5 Ka3 56. Qc3 Ka2 57. Kb4 b2 58. Qxb2+ Kxb2 59. c5 Kc2 60. c6 Kd3 61. c7 Ke3 62. c8Q Ke4 63. Qc5 Kf4 64. Qd6+ Ke4 65. Kc3 Kf5 66. Kd4 Kg5 67. Qe5+ Kg4 68. Qf6 Kg3 69. Ke4 Kg4 70. Qg6+ Kh4 71. Kf3 Kh3 72. Qg3# 1-0

[Event "Florianopolis op 09"]
[Site "Florianopolis"]
[Date "2021.09.26"]
[Round "5"]
[White "Wiltner, Camille Christina A"]
[Black "Zanini, Katiucia I Da Rocha"]
[Result "1/2-1/2"]
[WhiteElo "1403"]
[BlackElo "1800"]
[PlyCount "49"]
[EventDate "2021.09.24"]
[EventType "swiss"]
[EventRounds "6"]
[EventCountry "BRA"]
[SourceTitle "EXT 2024"]
[Source "ChessBase"]
[SourceDate "2023.10.10"]
[SourceVersion "1"]
[SourceVersionDate "2023.10.10"]
[SourceQuality "1"]

1. e4 c5 2. Nf3 Nc6 3. d4 cxd4 4. Nxd4 Nxd4 5. Qxd4 e6 6. Nc3 a6 7. Bc4 b5 8. Bb3 d6 9. Be3 Nf6 10. 0-0 Be7 11. Rad1 0-0 12. e5 dxe5 13. Qxe5 Qe8 14. Qg3 Kh8 15. Bd4 Bb7 16. Ne2 Rc8 17. c3 Qc6 18. Bc2 Bd6 19. Qh3 e5 20. Be3 g6 21. f3 Bc5 22. Bxc5 Qxc5+ 23. Kh1 Nd5 24. Be4 Rb8 25. Rd2 1/2-1/2

[Event "Timbo op"]
[Site "Timbo"]
[Date "2021.06.12"]
[Round "2"]
[White "Kim, Andre"]
[Black "Wiltner, Camille Christina A"]
[Result "0-1"]
[WhiteElo "1122"]
[BlackElo "1405"]
[PlyCount "60"]
[EventDate "2021.06.11"]
[EventType "swiss"]
[EventRounds "6"]
[EventCountry "BRA"]
[SourceTitle "EXT 2022"]
[Source "ChessBase"]
[SourceDate "2021.10.06"]
[SourceVersion "1"]
[SourceVersionDate "2021.10.06"]
[SourceQuality "1"]

1. e4 c5 2. Nf3 Nc6 3. d4 cxd4 4. Nxd4 Nf6 5. Nc3 d6 6. Be3 e6 7. f3 Be7 8. Qd2 0-0 9. Be2 Nxd4 10. Bxd4 b6 11. h4 Nd7 12. h5 f5 13. 0-0-0 fxe4 14. Nxe4 d5 15. Nc3 e5 16. Bf2 Bg5 17. Be3 Bxe3 18. Qxe3 d4 19. Qe4 Rb8 20. Bc4+ Kh8 21. Ne2 Qg5+ 22. Kb1 Bb7 23. Bd5 Nf6 24. Qd3 Nxd5 25. Rdg1 Qe3 26. Qd1 Rbc8 27. Re1 Ba6 28. Ng3 Qf4 29. Ne4 Ne3 30. Qc1 Rxc2 0-1

[Event "Santa Catarina-ch (Women)"]
[Site "Lages"]
[Date "2020.02.16"]
[Round "6"]
[White "Nunes, Nicole"]
[Black "Wiltner, Camille Christina A"]
[Result "0-1"]
[WhiteElo "1127"]
[BlackElo "1456"]
[PlyCount "60"]
[EventDate "2020.02.14"]
[EventType "swiss"]
[EventRounds "6"]
[EventCountry "BRA"]
[SourceTitle "CBM 195 Extra"]
[Source "ChessBase"]
[SourceDate "2020.05.31"]
[SourceVersion "1"]
[SourceVersionDate "2020.05.31"]
[SourceQuality "1"]

1. e4 c5 2. Nf3 Nc6 3. c3 d6 4. d4 cxd4 5. cxd4 Nf6 6. Nc3 g6 7. Bd2 Bg7 8. Qc2 0-0 9. 0-0-0 Bg4 10. Be2 Bxf3 11. Bxf3 Nxd4 12. Qa4 Nxf3 13. gxf3 Nd7 14. Rhg1 Nc5 15. Qc4 Rc8 16. Ne2 Na6 17. Qxc8 Qxc8+ 18. Kb1 Qc6 19. Bc3 Bxc3 20. Nxc3 Nc5 21. h4 Na4 22. Nxa4 Qxa4 23. h5 Rc8 24. Rc1 Rxc1+ 25. Rxc1 gxh5 26. Rc8+ Kg7 27. Rc7 h4 28. Rc1 h3 29. Rh1 e6 30. Rxh3 Qd1# 0-1

[Event "BRA-ch U16 Girls"]
[Site "Itajai"]
[Date "2016.06.11"]
[Round "5"]
[White "Wiltner, Camille Christina A"]
[Black "Lisboa, Joana Cunha"]
[Result "1-0"]
[WhiteElo "1480"]
[BlackElo "1538"]
[PlyCount "57"]
[EventDate "2016.06.09"]
[EventType "swiss"]
[EventRounds "6"]
[EventCountry "BRA"]
[SourceTitle "CBM 172 Extra"]
[Source "ChessBase"]
[SourceDate "2016.06.21"]
[SourceVersion "1"]
[SourceVersionDate "2016.06.21"]
[SourceQuality "1"]

1. e4 e6 2. d4 d5 3. e5 c5 4. c3 Nc6 5. Nf3 Qb6 6. b3 Nge7 7. Na3 cxd4 8. Nxd4 Nxe5 9. Be3 N7c6 10. Nab5 Bc5 11. b4 Bxd4 12. Nxd4 Qd8 13. Nxc6 Nxc6 14. Bd3 Ne5 15. Bd4 Nxd3+ 16. Qxd3 0-0 17. 0-0 b6 18. f4 Bd7 19. Rf3 f6 20. Qe3 Qc7 21. Re1 Qc4 22. Qe2 Kf7 23. Rf2 Qb5 24. Qh5+ Kg8 25. Re3 h6 26. Rg3 Kh8 27. Qg6 Rg8 28. Bxf6 Qd3 29. Rxd3 1-0

[Event "BRA-ch U16 Girls"]
[Site "Itajai"]
[Date "2016.06.09"]
[Round "1"]
[White "Wiltner, Camille Christina A"]
[Black "Silveira, Patricia Bertoti"]
[Result "1-0"]
[WhiteElo "1480"]
[BlackElo "1747"]
[PlyCount "81"]
[EventDate "2016.06.09"]
[EventType "swiss"]
[EventRounds "6"]
[EventCountry "BRA"]
[SourceTitle "CBM 172 Extra"]
[Source "ChessBase"]
[SourceDate "2016.06.21"]
[SourceVersion "1"]
[SourceVersionDate "2016.06.21"]
[SourceQuality "1"]

1. e4 e5 2. Nf3 Nc6 3. Bc4 Bc5 4. c3 Nf6 5. d4 exd4 6. cxd4 Bb4+ 7. Bd2 d5 8. Bb5 Bd7 9. e5 Ne4 10. Nc3 a6 11. Bd3 Bf5 12. Qe2 Bxc3 13. bxc3 Na5 14. c4 Nxd2 15. Nxd2 Bxd3 16. Qxd3 0-0 17. c5 f6 18. e6 Re8 19. Qe2 Nc6 20. Nf3 Qe7 21. 0-0 Qxe6 22. Qxe6+ Rxe6 23. Rab1 Na5 24. h3 Rae8 25. g4 Re2 26. Rfe1 Kf7 27. Ne5+ R8xe5 28. dxe5 Rxa2 29. exf6 Kxf6 30. f4 Ra3 31. Kh2 Rc3 32. Re5 Nc4 33. Rxd5 Ne3 34. g5+ Ke6 35. Re5+ Kd7 36. Rxb7 g6 37. Rb4 Rc2+ 38. Kg3 Rg2+ 39. Kf3 a5 40. Rxe3 axb4 41. Kxg2 1-0